000 00606cam a22002053a 4500
001 45637
003 PGUSA
005 20140828084045.0
008 140513s2014||||xxu|||||s|||||000 | eng d
040 _aPGUSA
_beng
042 _adc
100 1 _aSumner, Charles,
_d1811-1874
245 1 0 _aCharles Sumner; His Complete Works, Volume III (of 20)
_h[electronic resource] /
_cCharles Sumner
260 _bProject Gutenberg,
_c2014
506 _aPublic domain in the USA.
516 _aElectronic text
830 0 _aProject Gutenberg
_v45637
856 4 0 _uhttp://www.gutenberg.org/ebooks/45637
942 _cEB
999 _c274887
_d274887